Statistics for Countries with the shortest coastlines

Click here to take the quiz!

General Stats

  • This quiz has been taken 24 times
  • The average score is 8 of 15

Answer Stats

Length in KMCountry% Correct
4.1Monaco
91%
20Bosnia and Herzegovina
73%
24Tuvalu
68%
80Gambia
68%
56Togo
64%
97Barbados
64%
37Democratic Republic of the Congo
59%
30Nauru
55%
46.6Slovenia
55%
66.5Belgium
55%
84Saint Vincent and the Grenadines
50%
64- This one is NiueNiue
41%
90Lithuania
41%
26Jordan
32%
58Iraq
23%

Score Distribution

Percentile by Number Answered

Percent of People with Each Score

Your Score History

You have not taken this quiz